<?xml version="1.0" encoding="UTF-8"?>
<collection xmlns="http://www.loc.gov/MARC21/slim">
 <record>
  <leader>01278nam  2200277#c 4500</leader>
  <controlfield tag="001">UMA-15024</controlfield>
  <controlfield tag="003">UMA</controlfield>
  <controlfield tag="005">20230415    193831</controlfield>
  <controlfield tag="008">130724suuuu####ag###########||||#0#spa#d</controlfield>
  <datafield tag="336" ind1=" " ind2=" ">
   <subfield code="a">texto</subfield>
  </datafield>
  <datafield tag="337" ind1=" " ind2=" ">
   <subfield code="a">no mediado</subfield>
  </datafield>
  <datafield tag="338" ind1=" " ind2=" ">
   <subfield code="a">volumen</subfield>
  </datafield>
  <datafield tag="901" ind1=" " ind2=" ">
   <subfield code="a">DVD2236</subfield>
  </datafield>
  <datafield tag="080" ind1=" " ind2=" ">
   <subfield code="a">800</subfield>
  </datafield>
  <datafield tag="092" ind1=" " ind2=" ">
   <subfield code="a">DVD2236</subfield>
  </datafield>
  <datafield tag="245" ind1=" " ind2=" ">
   <subfield code="a">Road July</subfield>
  </datafield>
  <datafield tag="650" ind1=" " ind2=" ">
   <subfield code="a">Películas</subfield>
  </datafield>
  <datafield tag="650" ind1=" " ind2=" ">
   <subfield code="a">Cinematografía</subfield>
  </datafield>
  <datafield tag="650" ind1=" " ind2=" ">
   <subfield code="a">Films</subfield>
  </datafield>
  <datafield tag="650" ind1=" " ind2=" ">
   <subfield code="a">Materiales audiovisuales</subfield>
  </datafield>
  <datafield tag="650" ind1=" " ind2=" ">
   <subfield code="a">DVD</subfield>
  </datafield>
  <datafield tag="041" ind1=" " ind2=" ">
   <subfield code="a">spa</subfield>
  </datafield>
  <datafield tag="044" ind1=" " ind2=" ">
   <subfield code="a">ag#</subfield>
  </datafield>
  <datafield tag="500" ind1=" " ind2=" ">
   <subfield code="a">Argumento: Santiago es un hombre desordenado e inconstante. July tiene diez años, ha perdido a su madre hace seis meses y no conoce a su padre. Valeria, tía de July, le propone a Santiago que lleve a July a San Rafael, donde la niña suele pasar las vacaciones con su abuela materna. Santiago se muestra reticente pero este viaje representa su única oportunidad de conocer a su hija. Santiago y July emprenden un largo viaje a través de las desoladas rutas mendocinas en un viejo Citroën. A lo largo de la travesía, Santiago y July tendrán la posibilidad de conectarse por primera vez como padre e hija en un viaje que cambiará sus vidas para siempre.</subfield>
  </datafield>
  <datafield tag="300" ind1=" " ind2=" ">
   <subfield code="a">DVD (Película) + 1 CD no. 2237 (Sonido)</subfield>
  </datafield>
  <datafield tag="260" ind1=" " ind2=" ">
   <subfield code="a">Buenos Aires</subfield>
   <subfield code="b">Oeste Films</subfield>
   <subfield code="c">2012</subfield>
  </datafield>
 </record>
</collection>
